zpět

Detail výsledku týmu

U Lucerny ST, Brno

Datum a čas kvízu

33.5 Celkem bodů Celkový počet nahraných bodů na tomto kvízu bez doplňovacích otázek.
6. Pořadí na kvízu Konečné umístění týmu na tomto kvízu.

Zaznamenané odpovědi

# Otázka Odpověď Body Výsledky
1. Na sociálních sítích se minulý... v Pardubicích 0
2. Válkou postižené Ukrajině přic... Starlink 0
3. Jak zní název nového krimináln... Šéfka 1
4. V pondělí představila společno... příchuť vesmíru 0
5. Po útoku na Ukrajinu odstoupil... Helsinky, Riga 1
6. Začneme z našeho pohledu nejzn... Bylo mu 38 let. (Uznáváme 36–40 let.) 0
7. Na Adolfa Hitlera bylo spáchán... Stauffenberg 1
8. Fanny Kaplanová byla ruskou po... B 1
9. Jak se jmenoval jediný novodob... Alois Rašín 1
10. Poslední bod tohoto tématu roz... Bénazír Bhuttová, Pákistán 0